[Event "Philadelphia op 7th"]
[Site "Philadelphia"]
[Date "2013.03.28"]
[Round "3"]
[White "Defibaugh, Jared E"]
[Black "Kreiman, Boris"]
[Result "0-1"]
[WhiteElo "2287"]
[BlackElo "2482"]
[PlyCount "65"]
[EventDate "2013.03.27"]
[EventType "swiss"]
[EventRounds "9"]
[EventCountry "USA"]
[SourceTitle "CBM 153 Extra"]
[Source "ChessBase"]
[SourceDate "2013.04.22"]
[SourceVersion "1"]
[SourceVersionDate "2013.04.22"]
[SourceQuality "1"]

1. e4 c5 2. Nf3 d6 3. Bb5+ Nd7 4. d4 Ngf6 5. Nc3 cxd4 6. Qxd4 e5 7. Qd3 h6 8. Be3 Be7 9. Nd2 0-0 10. Nc4 Qc7 11. Bxd7 Bxd7 12. a4 Be6 13. Na3 Qc6 14. 0-0 d5 15. exd5 Nxd5 16. Nc4 Nf4 17. Bxf4 Bxc4 18. Qe3 Bxf1 19. Rxf1 exf4 20. Qxe7 f3 21. Rd1 Rfe8 22. Qh4 Qg6 23. Qg3 Qxc2 24. Qxf3 Rad8 25. Nd5 Qxb2 26. g3 Qe5 27. Rd3 Kf8 28. Rd1 Qe2 29. Qa3+ Kg8 30. Rd4 Kh8 31. Kg2 Qe5 32. Qd3 Rd6 33. Qd2 0-1

[Event "Philadelphia op 7th"]
[Site "Philadelphia"]
[Date "2013.03.28"]
[Round "2"]
[White "Kreiman, Boris"]
[Black "Homa, Seth"]
[Result "1/2-1/2"]
[WhiteElo "2482"]
[BlackElo "2307"]
[PlyCount "139"]
[EventDate "2013.03.27"]
[EventType "swiss"]
[EventRounds "9"]
[EventCountry "USA"]
[SourceTitle "CBM 153 Extra"]
[Source "ChessBase"]
[SourceDate "2013.04.22"]
[SourceVersion "1"]
[SourceVersionDate "2013.04.22"]
[SourceQuality "1"]

1. d4 Nf6 2. c4 e6 3. Nc3 d5 4. cxd5 exd5 5. Bg5 c6 6. e3 Bf5 7. Qf3 Bg6 8. Bxf6 Qxf6 9. Qxf6 gxf6 10. Nge2 Nd7 11. Nf4 Nb6 12. Rc1 a5 13. f3 Bd6 14. g3 Rg8 15. Kf2 Ke7 16. Bh3 Rgd8 17. Rhd1 a4 18. a3 Kf8 19. Bf1 Re8 20. h4 h6 21. Na2 Re7 22. Rc3 Rae8 23. Nb4 Kg7 24. Be2 Nc8 25. Ng2 Bc7 26. Nd3 Ba5 27. Nb4 Nd6 28. Bf1 h5 29. Re1 Nf5 30. Bd3 Nd6 31. Bf1 Nf5 32. Rcc1 Bc7 33. f4 Nd6 34. Bd3 Bxd3 35. Nxd3 Ne4+ 36. Kf3 Nd2+ 37. Ke2 Nb3 38. Kf3 Nxc1 39. Rxc1 Bd6 40. Nc5 Bxc5 41. Rxc5 Ra8 42. g4 Ra6 43. g5 Rb6 44. Rc2 Kg6 45. Kf2 Rb3 46. Re2 Kf5 47. Ne1 fxg5 48. hxg5 f6 49. gxf6 Kxf6 50. Nf3 Kf5 51. Nh4+ Ke4 52. Nf3 Kf5 53. Nh4+ Kg4 54. Ng6 Rg7 55. Ne5+ Kf5 56. Nf3 Rg4 57. Ne5 Rg8 58. Nf3 Ra8 59. Kg3 Ra6 60. Rh2 Rxe3 61. Rxh5+ Kg6 62. Kg4 Ra8 63. Ne5+ Kg7 64. Rg5+ Kf8 65. Rh5 Kg7 66. Rg5+ Kf8 67. Rh5 Kg7 68. Rg5+ Kf8 69. Rf5+ Kg8 70. Rg5+ 1/2-1/2

[Event "USA-ch GpB"]
[Site "San Diego"]
[Date "2006.03.11"]
[Round "9"]
[White "Gulko, Boris F"]
[Black "Kreiman, Boris"]
[Result "1/2-1/2"]
[WhiteElo "2585"]
[BlackElo "2478"]
[PlyCount "61"]
[EventDate "2006.03.02"]
[EventType "swiss"]
[EventRounds "9"]
[EventCountry "USA"]
[SourceTitle "CBM 112"]
[Source "ChessBase"]
[SourceDate "2006.06.07"]
[SourceVersion "1"]
[SourceVersionDate "2006.06.07"]
[SourceQuality "1"]

1. d4 d5 2. c4 c6 3. Nf3 Nf6 4. Nc3 dxc4 5. a4 Bf5 6. e3 e6 7. Bxc4 Bb4 8. 0-0 Nbd7 9. Qe2 Bg6 10. e4 Bxc3 11. bxc3 Nxe4 12. Ba3 Qc7 13. Qb2 c5 14. dxc5 Nexc5 15. Bb5 0-0 16. Bxd7 Nxd7 17. Bxf8 Rxf8 18. a5 Nc5 19. c4 Rc8 20. Rfd1 h6 21. Qe5 Qxe5 22. Nxe5 Bc2 23. Rd6 Kf8 24. Ra2 Ke7 25. Rd4 Bh7 26. Rb2 Rc7 27. f4 f6 28. Ng4 Be4 29. Rb5 Bg6 30. Ne3 Be8 31. Rb2 1/2-1/2

[Event "USA-ch GpB"]
[Site "San Diego"]
[Date "2006.03.10"]
[Round "8"]
[White "Kreiman, Boris"]
[Black "Ivanov, Alexander"]
[Result "1/2-1/2"]
[WhiteElo "2478"]
[BlackElo "2606"]
[PlyCount "160"]
[EventDate "2006.03.02"]
[EventType "swiss"]
[EventRounds "9"]
[EventCountry "USA"]
[SourceTitle "CBM 112"]
[Source "ChessBase"]
[SourceDate "2006.06.07"]
[SourceVersion "1"]
[SourceVersionDate "2006.06.07"]
[SourceQuality "1"]

1. e4 e5 2. Nf3 Nc6 3. Bb5 a6 4. Bxc6 dxc6 5. 0-0 Qd6 6. Na3 Be6 7. Qe2 f6 8. c3 Bg4 9. Nc4 Qe6 10. Ne3 Bxf3 11. Qxf3 0-0-0 12. Rd1 Nh6 13. d3 g6 14. b4 f5 15. a4 f4 16. Nc4 g5 17. Qe2 Nf7 18. Qa2 Re8 19. b5 cxb5 20. axb5 axb5 21. Qa8+ Kd7 22. Qxb7 Qc6 23. Qxc6+ Kxc6 24. Na5+ Kb6 25. Ba3 Ra8 26. Bxf8 Rhxf8 27. Nb3 c5 28. Kf1 Nd6 29. Ke2 b4 30. cxb4 cxb4 31. Rdc1 Rxa1 32. Rxa1 Nb5 33. Kd2 f3 34. g4 Nd4 35. Nxd4 exd4 36. e5 Re8 37. Re1 Ra8 38. e6 b3 39. Re4 Kc6 40. e7 Kd7 41. Rxd4+ Kxe7 42. Rb4 Ra2+ 43. Ke3 b2 44. Kxf3 Kd6 45. Ke3 Kc5 46. Rb3 Kd5 47. f4 gxf4+ 48. Kxf4 b1Q 49. Rxb1 Rxh2 50. Rb6 h6 51. Kf5 Rh4 52. Rb8 Kd6 53. d4 Rh1 54. Rh8 Rh4 55. Rh7 Kd5 56. Rd7+ Kc6 57. Rd8 Kc7 58. Rd5 Kc6 59. Rc5+ Kd6 60. Kf4 Rh1 61. Rh5 Rf1+ 62. Ke4 Re1+ 63. Kf3 Rf1+ 64. Ke3 Re1+ 65. Kd3 Rd1+ 66. Kc3 Rc1+ 67. Kd2 Rg1 68. Rxh6+ Kd5 69. Rg6 Kxd4 70. Ke2 Ke5 71. Kf2 Rh1 72. Kg3 Rh8 73. Ra6 Rh1 74. Rb6 Rh8 75. Rb5+ Kf6 76. Kf4 Rc8 77. Rb6+ Kg7 78. Kg5 Rc5+ 79. Kh4 Rd5 80. g5 Rd1 1/2-1/2

[Event "USA-ch GpB"]
[Site "San Diego"]
[Date "2006.03.07"]
[Round "5"]
[White "Kaidanov, Gregory S"]
[Black "Kreiman, Boris"]
[Result "1/2-1/2"]
[WhiteElo "2603"]
[BlackElo "2478"]
[PlyCount "60"]
[EventDate "2006.03.02"]
[EventType "swiss"]
[EventRounds "9"]
[EventCountry "USA"]
[SourceTitle "CBM 112"]
[Source "ChessBase"]
[SourceDate "2006.06.07"]
[SourceVersion "1"]
[SourceVersionDate "2006.06.07"]
[SourceQuality "1"]

1. c4 e5 2. Nc3 Nf6 3. Nf3 Nc6 4. e3 Bb4 5. Qc2 0-0 6. Nd5 Re8 7. a3 Bf8 8. b4 e4 9. Ng1 a5 10. b5 Ne5 11. Bb2 c6 12. Nxf6+ Qxf6 13. Qxe4 Nf3+ 14. Nxf3 Qxb2 15. Qd4 Bxa3 16. Qxb2 Bxb2 17. Ra2 Bf6 18. d4 d6 19. bxc6 bxc6 20. Kd2 c5 21. Be2 Rb8 22. Rc1 Bg4 23. Rxa5 Bxf3 24. Bxf3 cxd4 25. Rb5 dxe3+ 26. fxe3 Rbc8 27. Bd5 Rc7 28. Rcb1 g6 29. Rb7 Ree7 30. Rxc7 Rxc7 1/2-1/2

[Event "USA-ch GpB"]
[Site "San Diego"]
[Date "2006.03.06"]
[Round "4"]
[White "Kreiman, Boris"]
[Black "Vigorito, David"]
[Result "1-0"]
[WhiteElo "2478"]
[BlackElo "2359"]
[PlyCount "64"]
[EventDate "2006.03.02"]
[EventType "swiss"]
[EventRounds "9"]
[EventCountry "USA"]
[SourceTitle "CBM 112"]
[Source "ChessBase"]
[SourceDate "2006.06.07"]
[SourceVersion "1"]
[SourceVersionDate "2006.06.07"]
[SourceQuality "1"]

1. d4 d5 2. c4 c6 3. Nc3 Nf6 4. Nf3 dxc4 5. a4 Bf5 6. e3 e6 7. Bxc4 Bb4 8. 0-0 Nbd7 9. Nh4 0-0 10. Nxf5 exf5 11. g3 Rc8 12. Be2 Qe7 13. Bf3 Ne4 14. Qb3 Ndf6 15. Bg2 c5 16. Na2 Ba5 17. Qb5 b6 18. dxc5 Rxc5 19. Qe2 Nd5 20. b3 Ndc3 21. Nxc3 Rxc3 22. Qb5 Qe6 23. b4 a6 24. Qxa6 Bxb4 25. Bxe4 fxe4 26. Bd2 Rc4 27. Bxb4 Rxb4 28. Rfb1 Rb3 29. Rxb3 Qxb3 30. Qb5 Qe6 31. Rb1 g6 32. Qxb6 Qxb6 1-0

[Event "USA-ch GpB"]
[Site "San Diego"]
[Date "2006.03.05"]
[Round "3"]
[White "Batchimeg, Tuvshintugs"]
[Black "Kreiman, Boris"]
[Result "1-0"]
[WhiteElo "2208"]
[BlackElo "2478"]
[PlyCount "53"]
[EventDate "2006.03.02"]
[EventType "swiss"]
[EventRounds "9"]
[EventCountry "USA"]
[SourceTitle "CBM 112"]
[Source "ChessBase"]
[SourceDate "2006.06.07"]
[SourceVersion "1"]
[SourceVersionDate "2006.06.07"]
[SourceQuality "1"]

1. e4 c5 2. Nf3 Nc6 3. d4 cxd4 4. Nxd4 Qb6 5. Nb3 e6 6. Be3 Qc7 7. Nc3 Nf6 8. Be2 Bb4 9. Qd3 d5 10. exd5 Nxd5 11. Bd2 Nxc3 12. Bxc3 0-0 13. 0-0 Ne5 14. Bxe5 Qxe5 15. c3 Be7 16. Rad1 Qc7 17. Bf3 a6 18. Qe4 Rb8 19. Rd2 Bd7 20. Rfd1 Rfd8 21. Na5 Bc8 22. Rxd8+ Bxd8 23. Qa4 b5 24. Qf4 e5 25. Qxe5 Be6 26. Rxd8+ Qxd8 27. Nc6 1-0

[Event "USA-ch GpB"]
[Site "San Diego"]
[Date "2006.03.02"]
[Round "1"]
[White "West, Vanessa A"]
[Black "Kreiman, Boris"]
[Result "0-1"]
[WhiteElo "2083"]
[BlackElo "2478"]
[PlyCount "86"]
[EventDate "2006.03.02"]
[EventType "swiss"]
[EventRounds "9"]
[EventCountry "USA"]
[SourceTitle "CBM 112"]
[Source "ChessBase"]
[SourceDate "2006.06.07"]
[SourceVersion "1"]
[SourceVersionDate "2006.06.07"]
[SourceQuality "1"]

1. e4 c5 2. Nf3 Nc6 3. Bb5 g6 4. 0-0 Bg7 5. Re1 e5 6. c3 Nge7 7. d4 cxd4 8. cxd4 exd4 9. Nbd2 0-0 10. Nb3 Qb6 11. Bc4 d6 12. Bf4 Ne5 13. Be2 Nxf3+ 14. Bxf3 Be6 15. Nd2 Be5 16. Bg5 Nc6 17. b3 Rac8 18. Rb1 Qa6 19. Be2 d3 20. Bf1 Nb4 21. Re3 Qxa2 22. Bxd3 Nc2 23. Re2 Nd4 24. Re1 Qa5 25. f4 Bg7 26. Nc4 Qc7 27. Ne3 Qb6 28. b4 Ba2 29. Kh1 Ne6 30. Nd5 Bxd5 31. exd5 Nxg5 32. fxg5 Qd4 33. Qf3 Rc3 34. Red1 Re8 35. Qf1 Qh4 36. Bb5 Be5 37. Qg1 Rec8 38. Be2 Qxg5 39. Qxa7 Re3 40. Qxb7 Rf8 41. Bf1 Qh4 42. h3 Qf4 43. Kg1 Rxh3 0-1

[Event "Western States op"]
[Site "Reno"]
[Date "2004.10.16"]
[Round "4"]
[White "Kreiman, Boris"]
[Black "Vigorito, David"]
[Result "1-0"]
[WhiteElo "2526"]
[BlackElo "2372"]
[PlyCount "45"]
[EventDate "2004.10.15"]
[EventType "swiss"]
[EventRounds "6"]
[EventCountry "USA"]
[SourceTitle "EXT 2009"]
[Source "ChessBase"]
[SourceDate "2008.11.26"]
[SourceVersion "1"]
[SourceVersionDate "2008.11.26"]
[SourceQuality "1"]

1. e4 e5 2. Nf3 Nc6 3. Bb5 Nf6 4. 0-0 Nxe4 5. Re1 Nd6 6. Nxe5 Be7 7. Bd3 Nxe5 8. Rxe5 0-0 9. Nc3 Ne8 10. Nd5 Bd6 11. Rh5 g6 12. Qf3 c6 13. b3 cxd5 14. Bb2 Ng7 15. Rxh7 Kxh7 16. Qh3+ Kg8 17. Qh6 d4 18. Bxd4 f6 19. Bxg6 Rf7 20. Qh7+ Kf8 21. Re1 Be5 22. Bxe5 fxe5 23. Rxe5 1-0

[Event "Brooklyn College m"]
[Site "New York"]
[Date "2003.10.30"]
[Round "4"]
[White "Kreiman, Boris"]
[Black "Yudasin, Leonid"]
[Result "1/2-1/2"]
[WhiteElo "2481"]
[BlackElo "2569"]
[PlyCount "40"]
[EventDate "2003.10.28"]
[EventType "match (rapid)"]
[EventRounds "6"]
[EventCountry "USA"]
[SourceTitle "EXT 2004"]
[Source "ChessBase"]
[SourceDate "2003.11.25"]
[SourceVersion "1"]
[SourceVersionDate "2003.11.25"]
[SourceQuality "1"]

1. d4 Nf6 2. c4 e6 3. Nf3 b6 4. Nc3 Bb7 5. Bg5 Be7 6. e3 h6 7. Bh4 Ne4 8. Bxe7 Qxe7 9. Nxe4 Bxe4 10. Be2 0-0 11. 0-0 d6 12. Nd2 Bb7 13. Bf3 Bxf3 14. Qxf3 Nd7 15. Rfd1 Nf6 16. Ne4 Nxe4 17. Qxe4 c5 18. Rd2 Rfd8 19. Rad1 d5 20. cxd5 Rxd5 1/2-1/2

[Event "World op 31st"]
[Site "Philadelphia"]
[Date "2003.07.05"]
[Round "7"]
[White "Benen, Samson"]
[Black "Kreiman, Boris"]
[Result "1/2-1/2"]
[WhiteElo "2251"]
[BlackElo "2481"]
[PlyCount "82"]
[EventDate "2003.06.30"]
[EventType "swiss"]
[EventRounds "9"]
[EventCountry "USA"]
[SourceTitle "EXT 2004"]
[Source "ChessBase"]
[SourceDate "2003.11.25"]
[SourceVersion "1"]
[SourceVersionDate "2003.11.25"]
[SourceQuality "1"]

1. c4 Nf6 2. d4 g6 3. Nf3 Bg7 4. Nc3 d5 5. Bf4 0-0 6. e3 c5 7. dxc5 Qa5 8. Rc1 dxc4 9. Bxc4 Qxc5 10. Nb5 Qb4+ 11. Nd2 Na6 12. a3 Qa5 13. b4 Qd8 14. Be5 Bf5 15. Nd4 Bg4 16. Qb3 Nb8 17. h3 Bc8 18. N2f3 Nbd7 19. Bxf7+ Rxf7 20. Ne6 Qb6 21. Neg5 e6 22. Bc7 Qb5 23. Nxf7 Kxf7 24. Qxe6+ Kxe6 25. Nd4+ Ke7 26. Nxb5 Ne8 27. Bg3 Be5 28. 0-0 Bxg3 29. fxg3 Nb6 30. Nc7 Rb8 31. a4 Nxc7 32. Rxc7+ Bd7 33. a5 Nd5 34. Rc4 Be6 35. e4 Nf6 36. Rc7+ Nd7 37. b5 a6 38. b6 Bc4 39. Ra1 Bf7 40. Rd1 Be8 41. e5 Ke6 1/2-1/2

[Event "World op 31st"]
[Site "Philadelphia"]
[Date "2003.07.03"]
[Round "4"]
[White "Ginsburg, Mark"]
[Black "Kreiman, Boris"]
[Result "0-1"]
[WhiteElo "2376"]
[BlackElo "2481"]
[PlyCount "52"]
[EventDate "2003.06.30"]
[EventType "swiss"]
[EventRounds "9"]
[EventCountry "USA"]
[SourceTitle "EXT 2004"]
[Source "ChessBase"]
[SourceDate "2003.11.25"]
[SourceVersion "1"]
[SourceVersionDate "2003.11.25"]
[SourceQuality "1"]

1. c4 c6 2. d4 d5 3. Nf3 Nf6 4. e3 Bg4 5. Qb3 Qb6 6. Qxb6 axb6 7. cxd5 Nxd5 8. Bd2 e6 9. Ne5 Bh5 10. g4 Bg6 11. Nxg6 hxg6 12. Bg2 Nb4 13. Bxb4 Bxb4+ 14. Nc3 Bxc3+ 15. bxc3 Nd7 16. Kd2 Ke7 17. h3 b5 18. e4 Nb6 19. Bf1 Ra3 20. Bd3 Rha8 21. Bb1 Nc4+ 22. Kc2 R8a4 23. Rd1 b4 24. Rd3 bxc3 25. Rxc3 Rb4 26. Kd3 b5 0-1

[Event "Foxwoods op 05th"]
[Site "Connecticut"]
[Date "2003.04.20"]
[Round "7"]
[White "Kreiman, Boris"]
[Black "Nakamura, Hikaru"]
[Result "0-1"]
[WhiteElo "2481"]
[BlackElo "2561"]
[PlyCount "96"]
[EventDate "2003.04.17"]
[EventType "swiss"]
[EventRounds "7"]
[EventCountry "USA"]
[SourceTitle "CBM 093 Extra"]
[Source "ChessBase"]
[SourceDate "2003.05.09"]
[SourceVersion "1"]
[SourceVersionDate "2003.05.09"]
[SourceQuality "1"]

1. d4 Nf6 2. c4 g6 3. Nc3 Bg7 4. e4 d6 5. Nf3 0-0 6. Be2 Na6 7. 0-0 e5 8. Bg5 h6 9. Bh4 g5 10. dxe5 Nh5 11. Bg3 Nxg3 12. hxg3 dxe5 13. Qxd8 Rxd8 14. Rfd1 Be6 15. Nh2 Nb4 16. Nd5 Nc2 17. Rac1 Nd4 18. Kf1 Rd7 19. Bg4 Rad8 20. Bxe6 Nxe6 21. Ng4 Kh8 22. f3 h5 23. Nf2 Kh7 24. Ne3 Rd4 25. Ke2 h4 26. g4 Nf4+ 27. Kf1 c6 28. Nh3 Bf6 29. b3 Rd3 30. Rxd3 Rxd3 31. Re1 Rd2 32. Nxf4 exf4 33. Nf5 Bc3 34. Re2 Rd1+ 35. Kf2 Rh1 36. a3 f6 37. c5 Kh8 38. b4 Kg8 39. Rc2 h3 40. Rxc3 h2 41. Rd3 Ra1 42. Rd8+ Kf7 43. Nd6+ Ke7 44. Rh8 h1Q 45. Rxh1 Rxh1 46. Nxb7 Ra1 47. Na5 Kd7 48. Nc4 Rc1 0-1

[Event "New York Masters 48th"]
[Site "New York"]
[Date "2003.03.18"]
[Round "2"]
[White "Kreiman, Boris"]
[Black "Ehlvest, Jaan"]
[Result "0-1"]
[WhiteElo "2497"]
[BlackElo "2600"]
[PlyCount "130"]
[EventDate "2003.03.18"]
[EventType "swiss (rapid)"]
[EventRounds "4"]
[EventCountry "USA"]
[SourceTitle "EXT 2004"]
[Source "ChessBase"]
[SourceDate "2003.11.25"]
[SourceVersion "1"]
[SourceVersionDate "2003.11.25"]
[SourceQuality "1"]

1. e4 c5 2. Nf3 d6 3. d4 cxd4 4. Nxd4 Nf6 5. Nc3 a6 6. Bg5 Nc6 7. Qd2 Qb6 8. Nb3 e6 9. 0-0-0 Qc7 10. Kb1 Bd7 11. f3 Rb8 12. g4 b5 13. Bxf6 gxf6 14. f4 h5 15. gxh5 Bh6 16. Qf2 b4 17. Ne2 Bc8 18. Nbd4 Bb7 19. Bg2 Rg8 20. Nxc6 Qxc6 21. Bf3 Rc8 22. Rd2 Qc5 23. Qh4 f5 24. Rhd1 fxe4 25. Bg4 e3 26. Rxd6 Bd5 27. R6xd5 Qxc2+ 28. Ka1 exd5 29. Rb1 Rc4 30. Qf6 Rxg4 31. Qe5+ Kf8 32. Qh8+ Rg8 33. Qxh6+ Ke7 34. Qxa6 Qxe2 35. Qb7+ Ke6 36. f5+ Kf6 37. Qxd5 Rg2 38. Qd6+ Kxf5 39. Qd5+ Kf6 40. Qd6+ Kg7 41. Qe5+ Kh7 42. Qf5+ Kg8 43. h6 Qc2 44. h7+ Kg7 45. Qf6+ Kxf6 46. h8Q+ Ke7 47. Qe5+ Kf8 48. Qh8+ Rg8 49. Qh6+ Ke8 50. Qxe3+ Qe4 51. Qb6 Rg6 52. Qb8+ Ke7 53. Rd1 Rd4 54. Qc7+ Kf8 55. Rf1 Qf5 56. Re1 Kg7 57. h4 Qe4 58. Rf1 Qf3 59. Qe5+ Kh7 60. Qe1 Qd5 61. h5 Rd6 62. Qb1+ Qe4 63. Qc1 Rd7 64. h6 Qe2 65. Qb1+ Qd3 0-1

[Event "New York Masters 43rd"]
[Site "New York"]
[Date "2003.02.11"]
[Round "3"]
[White "Blatny, Pavel"]
[Black "Kreiman, Boris"]
[Result "0-1"]
[WhiteElo "2475"]
[BlackElo "2497"]
[PlyCount "128"]
[EventDate "2003.02.11"]
[EventType "swiss (rapid)"]
[EventRounds "4"]
[EventCountry "USA"]
[EventCategory "11"]
[SourceTitle "CBM 092 Extra"]
[Source "ChessBase"]
[SourceDate "2003.03.07"]
[SourceVersion "1"]
[SourceVersionDate "2003.03.07"]
[SourceQuality "1"]

1. g3 d5 2. Bg2 g6 3. c4 d4 4. d3 Bg7 5. b4 Nf6 6. Nd2 0-0 7. Ngf3 Nfd7 8. Bb2 e5 9. h4 c5 10. h5 cxb4 11. hxg6 hxg6 12. a3 b3 13. Nxb3 Nc6 14. Qc2 a5 15. Nh4 a4 16. Nd2 Nc5 17. Bd5 Ne7 18. Bg2 f5 19. Nhf3 Bf6 20. Kf1 Kg7 21. Re1 Nc6 22. Kg1 Be6 23. Qc1 Qd7 24. Qb1 Rfe8 25. Bc1 Bf7 26. Nf1 Qd8 27. Bh6+ Kg8 28. Nh4 e4 29. Rd1 Qe7 30. Nh2 e3 31. f4 Bxh4 32. gxh4 Qxh4 33. Nf3 Qf2+ 34. Kh2 Qxe2 35. Rhe1 Qf2 36. Rf1 Qe2 37. Kg3 Kh7 38. Bg5 Kg7 39. Qb6 Nxd3 40. Qxb7 Rac8 41. Rxd3 Qxd3 42. Qd7 e2 43. Rh1 Qxc4 44. Qd6 Qe6 45. Qc5 Kg8 46. Ne1 d3 47. Qc3 Qe3+ 48. Bf3 Nd4 49. Bf6 Qg1+ 50. Rxg1 Rxc3 51. Bxd4 Rxa3 52. Rh1 Bc4 53. Rh8+ Kf7 54. Rh7+ Ke6 55. Be3 Ra2 56. Rc7 Kd6 57. Rxc4 Rxe3 58. Rd4+ Kc5 59. Rd8 d2 60. Rc8+ Kb4 61. Rb8+ Ka3 62. Kf2 dxe1Q+ 63. Kxe1 Ra1+ 64. Kf2 e1Q+ 0-1

[Event "USA-ch"]
[Site "Seattle"]
[Date "2003.01.10"]
[Round "2"]
[White "Kreiman, Boris"]
[Black "Sarkar, Justin"]
[Result "1/2-1/2"]
[WhiteElo "2497"]
[BlackElo "2367"]
[PlyCount "71"]
[EventDate "2003.01.09"]
[EventType "swiss"]
[EventRounds "9"]
[EventCountry "USA"]
[SourceTitle "CBM 093"]
[Source "ChessBase"]
[SourceDate "2003.04.01"]
[SourceVersion "1"]
[SourceVersionDate "2003.04.01"]
[SourceQuality "1"]

1. e4 e6 2. d4 d5 3. Nc3 Nf6 4. e5 Nfd7 5. f4 c5 6. Nf3 Nc6 7. Be3 cxd4 8. Nxd4 Bc5 9. Qd2 0-0 10. 0-0-0 a6 11. h4 Nxd4 12. Bxd4 b5 13. g4 b4 14. Ne2 a5 15. Bg2 Qc7 16. Kb1 Ba6 17. Bxc5 Nxc5 18. Nd4 Rab8 19. Qe3 Rfc8 20. f5 Ne4 21. Qf4 a4 22. Bxe4 dxe4 23. Rh2 b3 24. axb3 axb3 25. Qxe4 Bc4 26. Nxb3 Rxb3 27. cxb3 Bxb3 28. Qd3 Bxd1 29. Qxd1 exf5 30. Rd2 fxg4 31. Rd7 Qa5 32. Rd5 Qc7 33. Rd7 Qb6 34. Rd6 Qa5 35. Rd5 Qc7 36. Rd7 1/2-1/2

[Event "World op 30th"]
[Site "Philadelphia"]
[Date "2002.07.03"]
[Round "5"]
[White "Pruess, David"]
[Black "Kreiman, Boris"]
[Result "0-1"]
[WhiteElo "2352"]
[BlackElo "2515"]
[PlyCount "75"]
[EventDate "2002.06.29"]
[EventType "swiss"]
[EventRounds "9"]
[EventCountry "USA"]
[SourceTitle "CBM 089 Extra"]
[Source "ChessBase"]
[SourceDate "2002.09.10"]
[SourceVersion "2"]
[SourceVersionDate "2002.09.10"]
[SourceQuality "1"]

1. e4 c5 2. Nf3 e6 3. d4 cxd4 4. Nxd4 a6 5. Bd3 g6 6. Be3 Bg7 7. Nd2 d6 8. Qe2 Nc6 9. c3 Nf6 10. f4 0-0 11. Bc2 e5 12. Nxc6 bxc6 13. fxe5 dxe5 14. 0-0 a5 15. Bb3 Ba6 16. Bc4 Bxc4 17. Nxc4 Nxe4 18. Bb6 Qh4 19. g3 Nxg3 20. hxg3 Qxg3+ 21. Kh1 a4 22. Rad1 f5 23. Qh2 Qxh2+ 24. Kxh2 e4 25. Rd6 a3 26. b3 f4 27. Rxc6 e3 28. Bc5 e2 29. Rh1 Bxc3 30. Bxf8 Rxf8 31. Re6 f3 32. Nxa3 Ra8 33. Nb1 Rxa2 34. Kg3 f2 35. Rxe2 Rxe2 36. Rf1 Bd4 37. Na3 Re3+ 38. Kg2 0-1

[Event "WICC qual Moscow 25'+10"]
[Site "FIDE.com"]
[Date "2002.04.15"]
[Round "3"]
[White "Kreiman, Boris"]
[Black "Shipov, Sergei"]
[Result "0-1"]
[WhiteElo "2493"]
[BlackElo "2630"]
[PlyCount "108"]
[EventDate "2002.04.12"]
[EventType "swiss"]
[EventRounds "9"]
[EventCountry "NET"]
[SourceTitle "EXT 2003"]
[Source "ChessBase"]
[SourceDate "2002.11.25"]
[SourceVersion "1"]
[SourceVersionDate "2002.11.25"]
[SourceQuality "1"]

1. e4 c5 2. Nf3 d6 3. d4 cxd4 4. Nxd4 Nf6 5. Nc3 a6 6. Be2 e6 7. 0-0 Be7 8. f4 0-0 9. Be3 Qc7 10. g4 d5 11. e5 Ne4 12. Nxe4 dxe4 13. g5 Rd8 14. c3 Nd7 15. Qc2 Nc5 16. b4 Nd3 17. Bxd3 exd3 18. Qxd3 b6 19. Rf3 Bb7 20. Rh3 g6 21. Bf2 Rac8 22. a4 Qd7 23. Kf1 Qd5 24. Ke2 Rc4 25. Rg3 Rdc8 26. Qd2 a5 27. b5 Bc5 28. Qd3 Bf8 29. Qd2 h5 30. h4 Be7 31. Rh3 Qg2 32. Rg3 Qh2 33. Rgg1 Rxc3 34. Rac1 Bb4 35. Rxc3 Bxc3 36. Qe3 Bxd4 37. Qxd4 Rc2+ 38. Ke1 Bf3 39. Qe3 Re2+ 40. Qxe2 Bxe2 41. Kxe2 Qxf4 42. Bxb6 Qxa4 43. Kd2 Qb4+ 44. Ke3 Qxb5 45. Bd4 Qb3+ 46. Ke4 Qh3 47. Be3 Qxh4+ 48. Bf4 Qf2 49. Rc1 Qg2+ 50. Kd4 a4 51. Rc8+ Kg7 52. Bc1 h4 53. Ba3 Qd5+ 54. Kc3 Qb3+ 0-1

[Event "WICC qual Dubai sf 25'+10"]
[Site "FIDE.com"]
[Date "2001.09.26"]
[Round "1"]
[White "Kreiman, Boris"]
[Black "Shipov, Sergei"]
[Result "0-1"]
[WhiteElo "2487"]
[BlackElo "2625"]
[PlyCount "124"]
[EventDate "2001.09.26"]
[EventType "swiss"]
[EventRounds "9"]
[EventCountry "UAE"]
[SourceTitle "EXT 2003"]
[Source "ChessBase"]
[SourceDate "2002.11.25"]
[SourceVersion "1"]
[SourceVersionDate "2002.11.25"]
[SourceQuality "1"]

1. d4 Nf6 2. c4 g6 3. Nf3 Bg7 4. Nc3 d5 5. cxd5 Nxd5 6. Qb3 Nxc3 7. bxc3 c5 8. e3 0-0 9. Ba3 cxd4 10. cxd4 Nc6 11. Be2 Qa5+ 12. Nd2 Be6 13. Qb2 Bd5 14. 0-0 Rfd8 15. Rac1 e5 16. Rc5 Qc7 17. e4 exd4 18. exd5 d3 19. Qc1 dxe2 20. Re1 Bd4 21. dxc6 Bxc5 22. cxb7 Qxb7 23. Bxc5 Rac8 24. Nb3 a5 25. Qc4 Qd5 26. Qxe2 a4 27. Bd4 axb3 28. Ba1 Qe6 29. Qxe6 fxe6 30. axb3 Rb8 31. g3 Rxb3 32. Be5 Rd5 33. h4 Rbb5 34. Bf4 Kf7 35. Rc1 e5 36. Rc7+ Ke6 37. Bg5 Rd7 38. Rc8 h5 39. Kg2 Rd6 40. Kf3 Kd5 41. Ra8 e4+ 42. Kf4 Rd7 43. Ke3 Rb3+ 44. Ke2 Rb2+ 45. Ke3 Rb3+ 46. Ke2 Rb5 47. Bf4 Re7 48. Rd8+ Ke6 49. Ke3 Rd5 50. Rg8 Kf7 51. Ra8 Rd3+ 52. Ke2 Rb7 53. Ra4 Rb2+ 54. Kf1 Rd1+ 55. Kg2 Re1 56. Ra7+ Ke8 57. Ra8+ Kd7 58. Ra7+ Kc6 59. Rc7+ Kd5 60. Rd7+ Ke6 61. Rd6+ Kf7 62. Bg5 Rbb1 0-1

[Event "Oz.com qual blitz"]
[Site "ICC INT"]
[Date "2000.03.05"]
[Round "1"]
[White "Kreiman, Boris"]
[Black "Montero Martinez, Cristian"]
[Result "1-0"]
[WhiteElo "2515"]
[BlackElo "2240"]
[PlyCount "83"]
[EventDate "2000.03.05"]
[EventType "swiss (blitz)"]
[EventRounds "9"]
[EventCountry "USA"]
[SourceTitle "EXT 2001"]
[Source "ChessBase"]
[SourceDate "2000.11.22"]
[SourceVersion "1"]
[SourceVersionDate "2000.11.22"]
[SourceQuality "1"]

1. e4 d5 2. exd5 Qxd5 3. Nc3 Qa5 4. d4 c6 5. Bc4 Nf6 6. Qe2 Bf5 7. Bd2 Qc7 8. 0-0-0 e6 9. h3 Bb4 10. Kb1 Bxc3 11. Bxc3 Nbd7 12. Nf3 0-0-0 13. g4 Bg6 14. Rhe1 Nb6 15. Bb3 Nbd5 16. Bd2 Ne4 17. Ne5 Nxd2+ 18. Rxd2 Rhe8 19. Qf3 f6 20. Nxg6 hxg6 21. Bxd5 exd5 22. Rde2 Qd7 23. Qd3 g5 24. Qg6 Rxe2 25. Rxe2 Kc7 26. a3 Rh8 27. Re3 b6 28. Ka2 Rh6 29. Qd3 Rh8 30. Qa6 Kb8 31. Qe2 Qd6 32. Re7 Rg8 33. Rf7 b5 34. Qe3 g6 35. Re7 Rf8 36. Rg7 Qd8 37. Qe6 Qc8 38. Qd6+ Ka8 39. Rc7 Qe8 40. Rxc6 Rf7 41. Qxd5 Rb7 42. Rc7 1-0